[Event "POL-ChT2"]
[Site "Opole POL"]
[Date "2006.09.04"]
[Round "3"]
[White "Sikorska, Agata"]
[Black "Chmiel, Dominika"]
[Result "0-1"]
[WhiteElo "2101"]
[BlackElo "2138"]
[EventDate "2006.09.02"]
[PlyCount "94"]

1.e4 e5 2.Nf3 Nc6 3.Bb5 a6 4.Ba4 Nf6 5.d4 exd4 6.O-O Nxe4 7.Re1 d5 8.Nxd4 
Bd6 9.Nxc6 Bxh2+ 10.Kh1 Qh4 11.Rxe4+ dxe4 12.Qd8+ Qxd8 13.Nxd8+ Kxd8 14.
Kxh2 Be6 15.Nc3 f5 16.Bf4 c6 17.g4 g6 18.g5 Ke7 19.Re1 c5 20.a3 c4 21.f3 
b5 22.fxe4 Rhd8 23.exf5 gxf5 24.Nxb5 axb5 25.Bxb5 Kf7 26.a4 Rd4 27.Kg3 h6 
28.g6+ Ke7 29.c3 Re4 30.Rxe4 fxe4 31.Bxh6 Rh8 32.Bg5+ Kd6 33.Bf4+ Kd5 34.
g7 Rh7 35.Be3 Rxg7+ 36.Kf2 Bh3 37.Ke2 Bg4+ 38.Ke1 Rh7 39.Bd4 Rh2 40.a5 
Rxb2 41.Be8 Ra2 42.Bb6 Re2+ 43.Kf1 Rc2 44.Bf7+ Be6 45.Bg6 Rxc3 46.Ke2 Rg3 
47.Be8 Bg4+ 0-1

[Event "POL-ChT2"]
[Site "Opole POL"]
[Date "2006.09.04"]
[Round "3"]
[White "Sendera, Jaroslaw"]
[Black "Dudzinski, Pawel"]
[Result "1/2-1/2"]
[WhiteElo "2334"]
[BlackElo "2203"]
[EventDate "2006.09.02"]
[PlyCount "78"]

1.e4 c6 2.d4 d5 3.Nc3 g6 4.h3 Bg7 5.Nf3 Nh6 6.Bd3 O-O 7.O-O f6 8.Re1 Nf7 
9.Bf1 e6 10.a4 a5 11.b3 Nd7 12.Ba3 Re8 13.exd5 exd5 14.Qd3 Bf8 15.Rxe8 
Qxe8 16.Re1 Qd8 17.Bxf8 Nxf8 18.Qe3 Bf5 19.Bd3 Bxd3 20.Qxd3 Qd7 21.Qe3 Nd6
22.Qf4 Kg7 23.g4 Ne6 24.Qd2 g5 25.Nh2 Nf4 26.Re3 h5 27.Ne2 hxg4 28.Nxf4 
gxf4 29.Re1 gxh3 30.Qxf4 Re8 31.Rxe8 Nxe8 32.Ng4 Kg6 33.Qh6+ Kf7 34.Qxh3 
Ke7 35.Qf3 Qe6 36.Ne3 Nd6 37.Qg3 Kd7 38.Qg7+ Qe7 39.Qg4+ Qe6 1/2-1/2

[Event "POL-ChT2"]
[Site "Opole POL"]
[Date "2006.09.04"]
[Round "3"]
[White "Dudzinski, Piotr"]
[Black "Toczek, Grzegorz"]
[Result "1/2-1/2"]
[WhiteElo "2254"]
[BlackElo "2339"]
[EventDate "2006.09.02"]
[PlyCount "110"]

1.e4 e5 2.Nf3 Nc6 3.Bc4 Be7 4.O-O d6 5.h3 Nf6 6.Nc3 O-O 7.d4 a6 8.a4 Bd7 
9.Re1 h6 10.Nd5 Nxd5 11.Bxd5 Bf6 12.dxe5 dxe5 13.b3 Rb8 14.Bb2 Re8 15.Qd2 
Qe7 16.Ba3 Qd8 17.Rad1 Nd4 18.Nxd4 exd4 19.Bc5 c6 20.Bc4 Be6 21.Bxe6 Rxe6 
22.Bxd4 Bxd4 23.Qxd4 Qa5 24.Re3 Rbe8 25.Rg3 f6 26.Re3 Kh8 27.f3 Qh5 28.Qc4
f5 29.Rde1 f4 30.R3e2 Rg6 31.e5 Qh4 32.Qe4 Ree6 33.Qf5 Qg5 34.Qxg5 Rxg5 
35.Re4 Rf5 36.Kf2 g5 37.Rd1 Rfxe5 38.Rxe5 Rxe5 39.Rd8+ Kg7 40.Rd7+ Kg6 41.
Rxb7 Re3 42.c4 Rc3 43.Rb6 Kh5 44.Rxc6 Rxb3 45.g4+ fxg3+ 46.Kxg3 a5 47.Rc5 
Rb4 48.h4 Rxa4 49.hxg5 hxg5 50.f4 Ra3+ 51.Kf2 Kg4 52.fxg5 Kf4 53.g6 Rg3 
54.Rxa5 Rxg6 55.Rd5 Ke4 1/2-1/2

[Event "POL-ChT2"]
[Site "Opole POL"]
[Date "2006.09.04"]
[Round "3"]
[White "Mista, Aleksander"]
[Black "Antoniewski, Rafal"]
[Result "1/2-1/2"]
[WhiteElo "2493"]
[BlackElo "2509"]
[EventDate "2006.09.02"]
[PlyCount "66"]

1.e4 e5 2.Nf3 Nc6 3.Bb5 a6 4.Ba4 Nf6 5.O-O Be7 6.Re1 b5 7.Bb3 d6 8.c3 O-O 
9.h3 Na5 10.Bc2 c5 11.d4 Qc7 12.Nbd2 cxd4 13.cxd4 Bb7 14.Nf1 Rac8 15.Bb1 
d5 16.exd5 exd4 17.Nxd4 Bb4 18.Bd2 Bxd2 19.Nxd2 Bxd5 20.Nf5 Rfe8 21.Bd3 g6
22.Rxe8+ Rxe8 23.Ne3 Bb7 24.Nb3 Nxb3 25.Qxb3 Qf4 26.Re1 Nd5 27.Bf1 Nxe3 
28.Rxe3 Rxe3 29.fxe3 Qg5 30.Qc3 h5 31.Qd4 Qd5 32.Qf4 Kg7 33.a4 bxa4 
1/2-1/2

[Event "POL-ChT2"]
[Site "Opole POL"]
[Date "2006.09.04"]
[Round "3"]
[White "Tustanowski, Robert"]
[Black "Bernat, Marcin"]
[Result "1-0"]
[WhiteElo "2286"]
[BlackElo "2220"]
[EventDate "2006.09.02"]
[PlyCount "76"]

1.e4 e6 2.d3 c5 3.Nf3 Nc6 4.g3 g6 5.Bg2 Bg7 6.O-O Nge7 7.c3 d5 8.Qe2 dxe4 
9.dxe4 e5 10.Na3 Bg4 11.Rd1 Qb8 12.h3 Bxf3 13.Bxf3 O-O 14.Qb5 b6 15.Nc4 
Qc7 16.a4 Rad8 17.Rxd8 Rxd8 18.a5 Nc8 19.axb6 axb6 20.Be3 N6a7 21.Qa6 b5 
22.Nd2 Bf8 23.Qa5 Qxa5 24.Rxa5 Rd7 25.Be2 c4 26.Kf1 Rb7 27.Ke1 Kg7 28.Ra6 
f6 29.f4 Rc7 30.Kf2 Bc5 31.Bxc5 Rxc5 32.Ke3 Nc6 33.h4 Nd6 34.Bf3 Nf7 35.
Bg4 b4 36.Be6 bxc3 37.bxc3 Nd6 38.Bd5 Nd8 1-0

[Event "POL-ChT2"]
[Site "Opole POL"]
[Date "2006.09.04"]
[Round "3"]
[White "Bernard, Ryszard"]
[Black "Jasik, Krzysztof"]
[Result "1/2-1/2"]
[WhiteElo "2356"]
[BlackElo "2336"]
[EventDate "2006.09.02"]
[PlyCount "80"]

1.e4 e6 2.d4 d5 3.Nd2 c5 4.exd5 exd5 5.Ngf3 Nc6 6.Bb5 Bd6 7.dxc5 Bxc5 8.
O-O Ne7 9.Nb3 Bb6 10.Be3 Bxe3 11.Bxc6+ bxc6 12.fxe3 O-O 13.Qd4 Nf5 14.Qc5 
Qb6 15.Rfe1 Re8 16.Kf2 Re6 17.Nfd4 Rf6 18.Kg1 Bd7 19.Qc3 Re8 20.Nc5 Bc8 
21.Nxf5 Rxf5 22.Rf1 Rg5 23.Rf4 Bh3 24.Rf2 f6 25.Rd1 Qc7 26.Rd3 Bg4 27.Qd4 
Bf5 28.Rc3 Bc8 29.Qf4 Qe7 30.Nb3 Rg4 31.Qf3 Rc4 32.Rxc4 dxc4 33.Na5 Bd7 
34.Nxc4 Qc5 35.b3 Be6 36.Qe4 Bf7 37.Qd4 Qxd4 38.exd4 Re1+ 39.Rf1 Re2 40.
Rf2 Re1+ 1/2-1/2

[Event "POL-ChT2"]
[Site "Opole POL"]
[Date "2006.09.04"]
[Round "3"]
[White "Markowski, Tomasz"]
[Black "Szelag, Marcin"]
[Result "1-0"]
[WhiteElo "2547"]
[BlackElo "2470"]
[EventDate "2006.09.02"]
[PlyCount "139"]

1.Nf3 Nf6 2.c4 g6 3.g3 Bg7 4.Bg2 O-O 5.O-O d6 6.d4 Nc6 7.Nc3 a6 8.Bd2 Rb8 
9.d5 Na5 10.b3 c5 11.dxc6 Nxc6 12.Qc1 Re8 13.Rd1 Bd7 14.Ne1 b5 15.Bh6 Bxh6
16.Qxh6 bxc4 17.bxc4 Qa5 18.Rac1 Ne5 19.c5 Rec8 20.Nd5 Nxd5 21.Bxd5 Rxc5 
22.Rxc5 Qxc5 23.Qd2 Bc6 24.Bb3 Qb4 25.Qxb4 Rxb4 26.Nc2 Rb8 27.Nd4 Bd7 28.
f4 Nc6 29.Nxc6 Bxc6 30.Kf2 a5 31.Rc1 Rb6 32.Rc4 Kg7 33.e4 e6 34.Ke3 Kf6 
35.Rc3 Ke7 36.g4 Kd7 37.a3 Rb8 38.Kd4 e5+ 39.fxe5 dxe5+ 40.Kxe5 Re8+ 41.
Kf6 Rxe4 42.g5 Rh4 43.h3 h6 44.gxh6 Rxh6 45.Bxf7 Be4 46.Kg7 Rh5 47.Rg3 Kc6
48.Bxg6 Bxg6 49.Kxg6 Rh8 50.Kg5 Rg8+ 51.Kf4 Rh8 52.Kg4 Rg8+ 53.Kf3 Rh8 54.
Kg2 Rh5 55.Rg4 Kd5 56.h4 Ke5 57.Kf3 Kf5 58.Rc4 Kf6 59.Rf4+ Ke5 60.Kg3 Ke6 
61.Kg4 Rc5 62.h5 Rc1 63.Kg5 Rg1+ 64.Kh6 Rg8 65.Kh7 Ra8 66.h6 Ke5 67.Rf7 
Ke6 68.Kg7 Rb8 69.h7 a4 70.Ra7 1-0

[Event "POL-ChT2"]
[Site "Opole POL"]
[Date "2006.09.04"]
[Round "3"]
[White "Murawski, Grzegorz"]
[Black "Chojnacki, Krzysztof"]
[Result "1/2-1/2"]
[WhiteElo "2311"]
[BlackElo "2351"]
[EventDate "2006.09.02"]
[PlyCount "103"]

1.e4 e5 2.Nf3 Nc6 3.d4 exd4 4.Bc4 Nf6 5.Ng5 d5 6.exd5 Qe7+ 7.Kf1 Ne5 8.
Qxd4 h6 9.Ne4 Nxc4 10.Nxf6+ Qxf6 11.Qxc4 Bd6 12.Nc3 O-O 13.Ne4 Qg6 14.h4 
h5 15.Nxd6 cxd6 16.Be3 Bf5 17.Qf4 Bxc2 18.Rh3 Qd3+ 19.Kg1 Qxd5 20.Rg3 Bg6 
21.Rg5 Qd3 22.Rc1 Rac8 23.Bxa7 Qe4 24.Be3 Rxc1+ 25.Bxc1 Qe1+ 26.Kh2 Re8 
27.Bd2 Re4 28.Bxe1 Rxf4 29.Rb5 Rxh4+ 30.Kg1 Re4 31.Bb4 Re7 32.Bxd6 Rd7 33.
Bf4 f6 34.Be3 Be8 35.Kh2 g5 36.Rb6 Kg7 37.a4 Kg6 38.b4 Bf7 39.a5 Bc4 40.
Bc5 h4 41.Be3 Kf5 42.Bc1 Be6 43.b5 Rd1 44.Be3 Ra1 45.a6 bxa6 46.bxa6 Bc4 
47.Rc6 Bxa6 48.Bd4 Ra5 49.Rxf6+ Kg4 50.Rh6 Be2 51.Rf6 Rf5 52.f3+ 1/2-1/2

[Event "POL-ChT2"]
[Site "Opole POL"]
[Date "2006.09.04"]
[Round "3"]
[White "Zielinska, Marta"]
[Black "Jadanowska, Beata"]
[Result "1-0"]
[WhiteElo "2353"]
[BlackElo "1873"]
[EventDate "2006.09.02"]
[PlyCount "71"]

1.g3 d6 2.d4 Nf6 3.Bg2 c6 4.c4 Bf5 5.Nc3 e6 6.e4 Bg6 7.Nge2 e5 8.O-O Be7 
9.h3 Nfd7 10.f4 f6 11.Be3 c5 12.d5 O-O 13.f5 Bf7 14.g4 Re8 15.Ng3 h6 16.h4
Kh7 17.Qd2 Rh8 18.Kf2 Kg8 19.Bf3 Nf8 20.Rg1 Nh7 21.Rg2 Nd7 22.Rag1 Nb6 23.
Be2 Kf8 24.Nh5 Kg8 25.b3 a5 26.Nxg7 Kxg7 27.Bxh6+ Kg8 28.g5 fxg5 29.hxg5 
Nf8 30.g6 Bh4+ 31.Kf1 Nxg6 32.Rxg6+ Bxg6 33.Rxg6+ Kf7 34.Bh5 Ke7 35.Rg7+ 
Kf6 36.Rf7# 1-0

[Event "POL-ChT2"]
[Site "Opole POL"]
[Date "2006.09.04"]
[Round "3"]
[White "Kovalev, Andrei"]
[Black "Tomczak, Rafal"]
[Result "1/2-1/2"]
[WhiteElo "2526"]
[BlackElo "2316"]
[EventDate "2006.09.02"]
[PlyCount "104"]

1.e4 c5 2.Nf3 d6 3.Bb5+ Nc6 4.O-O Bd7 5.Re1 Nf6 6.c3 a6 7.Ba4 c4 8.d4 cxd3
9.Bg5 Ne5 10.Nbd2 Qa5 11.Bxd7+ Nfxd7 12.Nd4 h6 13.Be3 g5 14.N2f3 Nf6 15.
Nb3 Qb5 16.Bd4 Nfd7 17.Bxe5 Nxe5 18.Nxe5 dxe5 19.Re3 Rd8 20.c4 Qxc4 21.Rc1
Qb5 22.a4 Qb6 23.Rxd3 e6 24.a5 Rxd3 25.Qxd3 Qd8 26.Qc2 Bd6 27.Nc5 O-O 28.
Nxb7 Qe7 29.Qc6 Bb4 30.Rd1 Rb8 31.Rd7 Qe8 32.Nd6 Bxd6 33.Qxd6 Rxb2 34.h4 
Rb8 35.hxg5 hxg5 36.Ra7 Qf8 37.Qxf8+ Kxf8 38.Rxa6 Rb4 39.f3 Ra4 40.Ra7 g4 
41.Kf2 Ra2+ 42.Kg3 gxf3 43.gxf3 Kg7 44.a6 Kg6 45.Ra8 Kf6 46.Kg4 Rg2+ 47.
Kh3 Ra2 48.Kg3 Kg6 49.a7 Kf6 50.Kg4 Rg2+ 51.Kh3 Ra2 52.Kg3 Kg7 1/2-1/2

[Event "POL-ChT2"]
[Site "Opole POL"]
[Date "2006.09.04"]
[Round "3"]
[White "Smagacz, Dariusz"]
[Black "Bobula, Mateusz"]
[Result "1/2-1/2"]
[WhiteElo "2227"]
[BlackElo "2254"]
[EventDate "2006.09.02"]
[PlyCount "102"]

1.e4 e6 2.d4 d5 3.exd5 exd5 4.Nf3 Nc6 5.Bb5 Bd6 6.c4 dxc4 7.d5 a6 8.Ba4 b5
9.dxc6 bxa4 10.O-O Ne7 11.Qxa4 O-O 12.Nbd2 c3 13.bxc3 Qe8 14.Nd4 Bb7 15.
Re1 Bxc6 16.Nxc6 Qxc6 17.Qxc6 Nxc6 18.Nc4 Rfe8 19.Bd2 {=} 19...Be7 20.Bf4 
Bf6 21.Kf1 Nb4 22.Rxe8+ Rxe8 23.Bd2 Nd5 24.Rc1 Re4 25.Ne3 Nxe3+ 26.Bxe3 
Rc4 27.Bd2 Ra4 28.Rc2 Kf8 29.Ke2 Ke7 30.Kd3 c5 31.Be3 Kd6 32.c4 g6 33.Ke4 
Be7 34.g4 Ke6 35.g5 Bd6 36.Bf4 f5+ 37.gxf6 Bxf4 38.Kxf4 Kxf6 39.h4 Rb4 40.
Ke4 Ke6 41.Kf4 h6 42.Ke4 Rb1 43.Kf4 Rh1 44.Kg3 Rg1+ 45.Kf3 Rd1 46.Rb2 Rd4 
47.Kg3 Rd6 48.Re2+ Kf6 49.Re8 Rd3+ 50.f3 Ra3 51.Rc8 Rxa2 1/2-1/2

[Event "POL-ChT2"]
[Site "Opole POL"]
[Date "2006.09.04"]
[Round "3"]
[White "Kaszowski, Dariusz"]
[Black "Hnydiuk, Aleksander"]
[Result "1/2-1/2"]
[WhiteElo "2299"]
[BlackElo "2366"]
[EventDate "2006.09.02"]
[PlyCount "86"]

1.d4 Nf6 2.Nf3 d5 3.c4 e6 4.Nc3 c5 5.cxd5 Nxd5 6.e4 Nxc3 7.bxc3 cxd4 8.
cxd4 Bb4+ 9.Bd2 Bxd2+ 10.Qxd2 O-O 11.Bc4 Nd7 12.O-O b6 13.Rac1 Bb7 14.d5 
Nc5 15.Rfe1 exd5 16.exd5 Qf6 17.Rcd1 Rad8 18.Qe3 h6 19.Ne5 Rd6 20.Rd4 Qg5 
21.f4 Qf5 22.g4 Qc8 23.h3 Re8 24.Qd2 Red8 25.a3 b5 26.Ba2 Qc7 27.Rd1 Qb6 
28.Kh2 a5 29.Qc2 a4 30.Bb1 g6 31.Ba2 Nb3 32.Bxb3 axb3 33.Qxb3 Rxd5 34.Rxd5
Qf2+ 35.Kh1 Rxd5 36.Rxd5 Qd2 37.Kg1 Bxd5 38.Qg3 g5 39.fxg5 hxg5 40.Nd3 Be4
41.Nf2 Qe1+ 42.Kh2 Bd5 43.h4 gxh4 1/2-1/2

[Event "POL-ChT2"]
[Site "Opole POL"]
[Date "2006.09.04"]
[Round "3"]
[White "Chlost, Marlena"]
[Black "Bednarska, Malgorzata"]
[Result "0-1"]
[WhiteElo "2132"]
[BlackElo "2194"]
[EventDate "2006.09.02"]
[PlyCount "98"]

1.e4 c5 2.Nf3 g6 3.d4 Bg7 4.dxc5 Qa5+ 5.c3 Qxc5 6.Na3 Nf6 7.Be3 Qa5 8.Nc4 
Qc7 9.e5 Ng4 10.Bf4 f6 11.exf6 Qxf4 12.fxg7 Rg8 13.h3 Nf6 14.Qd4 Qxd4 15.
Nxd4 Nc6 16.Nxc6 bxc6 17.Be2 Rxg7 18.Bf3 Rb8 19.O-O-O Bb7 20.Rhe1 Kd8 21.
a4 Kc7 22.Kc2 c5 23.Bxb7 Rxb7 24.b3 Rb8 25.Rd2 Nh5 26.g3 Rf8 27.Rde2 Rgf7 
28.g4 Nf4 29.Rxe7 Nxh3 30.Rxf7 Rxf7 31.f3 Rxf3 32.Re7 Rf2+ 33.Kd1 Ng5 34.
a5 Rf4 35.Rg7 Rf7 36.Rg8 Ne4 37.a6 Nxc3+ 38.Kc2 Nd5 39.Ra8 Nb4+ 40.Kd2 Nc6
41.Kd3 d5 42.Ne3 Kd6 43.Kd2 Rf2+ 44.Ke1 Rb2 45.g5 Rxb3 46.Ng4 Rb8 47.Rxb8 
Nxb8 48.Nf6 Nd7 49.Nxh7 Ke6 0-1

[Event "POL-ChT2"]
[Site "Opole POL"]
[Date "2006.09.04"]
[Round "3"]
[White "Zeberski, Jakub"]
[Black "Wieclaw, Michal"]
[Result "1-0"]
[WhiteElo "2410"]
[BlackElo "2229"]
[EventDate "2006.09.02"]
[PlyCount "107"]

1.e4 e6 2.d4 d5 3.Nc3 Nf6 4.e5 Nfd7 5.f4 c5 6.Nf3 Nc6 7.Be3 a6 8.Qd2 b5 9.
a3 g5 10.fxg5 cxd4 11.Nxd4 Ncxe5 12.Nf3 Bg7 13.Nxe5 Nxe5 14.O-O-O Bb7 15.
Bd4 O-O 16.h4 Rc8 17.Rh3 Qd6 18.Re3 Rfd8 19.Ree1 Nc4 20.Bxc4 Bxd4 21.Qxd4 
Rxc4 {=} 22.Qd3 Rdc8 23.Kb1 Rxc3 24.bxc3 Qxa3 25.g6 hxg6 26.Rxe6 Qxc3 27.
Re8+ Kg7 28.Rxc8 Qxc8 29.Qd4+ Kg8 30.Re1 Bc6 31.g4 Bd7 32.h5 Qc4 33.Qe5 
Qb4+ 34.Kc1 Qa3+ 35.Kd2 Qb4+ 36.c3 Qb2+ 37.Kd3 b4 38.Qb8+ Kg7 39.Qxb4 Qxb4
40.cxb4 Bxg4 41.hxg6 fxg6 42.Ra1 Bd7 43.Kd4 Bb5 44.Kxd5 g5 45.Ke5 Kg6 46.
Rh1 Be2 47.Rh2 Bd3 48.Rd2 Bb5 49.Rd6+ Kh5 50.Kf5 Be2 51.Rd2 Bg4+ 52.Kf6 
Bf3 53.Ra2 g4 54.Rh2# 1-0

[Event "POL-ChT2"]
[Site "Opole POL"]
[Date "2006.09.04"]
[Round "3"]
[White "Wojciechowski, Adam"]
[Black "Krzyzanowski, Marcin"]
[Result "0-1"]
[WhiteElo "2197"]
[BlackElo "2106"]
[EventDate "2006.09.02"]
[PlyCount "78"]

1.e4 e5 2.Nf3 Nc6 3.Nc3 Nf6 4.d4 exd4 5.Nxd4 Bb4 6.Nxc6 bxc6 7.Bd3 d5 8.
exd5 cxd5 9.O-O O-O 10.Bg5 c6 11.Qf3 h6 12.Bxf6 Qxf6 13.Qxf6 gxf6 14.Ne2 
Re8 15.Rad1 Bg4 16.f3 Bc5+ 17.Kh1 Bd7 18.Ng3 Bd6 19.Rfe1 Be5 20.c3 Rab8 
21.Rd2 Kf8 22.Rde2 Bxg3 23.hxg3 Rxb2 24.Rxb2 Rxe1+ 25.Kh2 Re3 26.Rd2 c5 
27.Kg1 Re1+ 28.Kf2 Rc1 29.Bc2 Bb5 30.Bb3 d4 31.cxd4 c4 32.Rc2 Rf1+ 33.Ke3 
cxb3 34.axb3 Re1+ 35.Kf2 Rd1 36.Rc8+ Kg7 37.Rc5 a6 38.d5 Rd3 39.b4 f5 0-1

[Event "POL-ChT2"]
[Site "Opole POL"]
[Date "2006.09.04"]
[Round "3"]
[White "Owczarzak, Jerzy"]
[Black "Brodowski, Piotr"]
[Result "1-0"]
[WhiteElo "2380"]
[BlackElo "2320"]
[EventDate "2006.09.02"]
[PlyCount "79"]

1.e4 c5 2.Nf3 Nc6 3.d4 cxd4 4.Nxd4 Nf6 5.Nc3 e5 6.Ndb5 d6 7.Bg5 a6 8.Na3 
b5 9.Nd5 Be7 10.Bxf6 Bxf6 11.c4 b4 12.Nc2 a5 13.Be2 O-O 14.O-O g6 15.Bg4 
Bb7 16.Qd3 Bg7 17.Rad1 Ra6 18.b3 Nb8 19.a3 bxa3 20.Nxa3 Nc6 21.Nb5 Nd4 22.
Ndc7 f5 23.exf5 gxf5 24.Nxd4 exd4 25.Ne6 Qf6 26.Nxg7 Kxg7 27.Bf3 Rb8 28.
Bxb7 Rxb7 29.Qf3 Rb4 30.Rd3 a4 31.bxa4 Raxa4 32.Qd5 Rxc4 33.Rg3+ Kh6 34.
Rh3+ Kg7 35.Qb7+ Kf8 36.Rxh7 Kg8 37.Re7 Qf8 38.Qd5+ Kh8 39.Qe6 Ra8 40.Rf7 
1-0

[Event "POL-ChT2"]
[Site "Opole POL"]
[Date "2006.09.04"]
[Round "3"]
[White "Skalski, Michal"]
[Black "Wlodarczyk, Oskar"]
[Result "0-1"]
[WhiteElo "2343"]
[BlackElo "2282"]
[EventDate "2006.09.02"]
[PlyCount "115"]

1.d4 Nf6 2.c4 c5 3.Nf3 cxd4 4.Nxd4 e6 5.Nc3 Bb4 6.Nb5 O-O 7.a3 Be7 8.Bf4 
Na6 9.e4 Ne8 10.Be2 d6 11.O-O Nac7 12.Qd2 Nxb5 13.Nxb5 a6 14.Nc3 b6 15.
Rfd1 Qc7 16.Rac1 Bb7 17.b4 Rd8 18.f3 Nf6 19.Kh1 Bc6 20.Nd5 Bxd5 21.cxd5 
Qb7 22.Rc6 exd5 23.exd5 Rd7 24.a4 Re8 25.Bf1 Nh5 26.Be3 Bd8 27.Rdc1 Re5 
28.f4 Re8 29.b5 a5 30.g3 Nf6 31.Bg2 Rde7 32.Bd4 Re2 33.Qd3 Ng4 34.Rf1 Qe7 
35.h3 Nf6 36.Rc2 Re1 37.Rc1 Rxc1 38.Rxc1 h5 39.Bf2 Kf8 40.Rc2 g6 41.Bf3 
Ne4 42.Bxe4 Qxe4+ 43.Qxe4 Rxe4 44.Rc6 Ke7 45.Bxb6 Bxb6 46.Rxb6 Rxa4 47.
Rb7+ Ke8 48.Ra7 Rd4 49.b6 Rb4 50.b7 Kd8 51.f5 gxf5 52.b8=Q+ Rxb8 53.Rxf7 
a4 54.Kg2 a3 55.Kf3 Rb1 56.Ra7 Ra1 57.Kg2 a2 58.Kh2 {zapis nieczytelny} 
0-1

[Event "POL-ChT2"]
[Site "Opole POL"]
[Date "2006.09.04"]
[Round "3"]
[White "Koziak, Vitaly"]
[Black "Staniszewski, Piotr"]
[Result "1/2-1/2"]
[WhiteElo "2483"]
[BlackElo "2424"]
[EventDate "2006.09.02"]
[PlyCount "31"]

1.d4 Nf6 2.Nf3 e6 3.c4 b6 4.a3 Bb7 5.Nc3 d5 6.Bg5 Be7 7.Qa4+ Qd7 8.Qc2 
dxc4 9.Rd1 Bxf3 10.gxf3 Nc6 11.e3 Na5 12.Bxf6 Bxf6 13.Ne4 Be7 14.Bxc4 Nxc4
15.Qxc4 c6 16.Ke2 1/2-1/2

[Event "POL-ChT2"]
[Site "Opole POL"]
[Date "2006.09.04"]
[Round "3"]
[White "Szczepkowska-Horowska, Karina"]
[Black "Szydlowska, Marta"]
[Result "1-0"]
[WhiteElo "2331"]
[BlackElo "2048"]
[EventDate "2006.09.02"]
[PlyCount "121"]

1.b3 Nf6 2.Bb2 g6 3.g3 Bg7 4.Bg2 O-O 5.f4 d6 6.Nf3 Nc6 7.O-O e5 8.e3 exf4 
9.gxf4 Bg4 10.Qe1 Nb4 11.Na3 Re8 12.Qh4 Bf5 13.Rfc1 c6 14.Bd4 Ne4 15.Qxd8 
Raxd8 16.Bxg7 Kxg7 17.Nc4 b5 18.Nb2 Bg4 19.Rd1 c5 20.c3 Nc6 21.Nd3 d5 22.
Rac1 Rd6 23.Nf2 Bh5 24.Rc2 Nxf2 25.Kxf2 d4 26.Re1 dxc3 27.dxc3 Red8 28.Kf1
Rd3 29.Kf2 a6 30.Ree2 Bxf3 31.Bxf3 Ne7 32.Be4 R3d6 33.Rc1 f5 34.Bf3 Kf6 
35.c4 b4 36.Ra1 Rd3 37.Rae1 R8d6 38.h4 h6 39.Rg1 Rd8 40.Bb7 a5 41.Bf3 Rc3 
42.Rge1 Rd6 43.Bb7 Rd7 44.Bf3 a4 45.bxa4 Rxc4 46.a5 Ra7 47.Rd1 Rxa5 48.
Rd6+ Kf7 49.h5 g5 50.Rxh6 g4 51.Bg2 Rc1 52.Rh7+ Kf6 53.Rd2 Ke6 54.h6 Ra1 
55.Rxe7+ Kxe7 56.h7 R5xa2 57.Rxa2 Rxa2+ 58.Kg3 Ra3 59.h8=Q Rxe3+ 60.Kf2 
Rc3 61.Qe5+ 1-0

[Event "POL-ChT2"]
[Site "Opole POL"]
[Date "2006.09.04"]
[Round "3"]
[White "Jasnikowski, Zbigniew"]
[Black "Kuzmicz, Krystian"]
[Result "1/2-1/2"]
[WhiteElo "2411"]
[BlackElo "2375"]
[EventDate "2006.09.02"]
[PlyCount "22"]

1.d4 d5 2.c4 Nc6 3.Nf3 Bg4 4.cxd5 Bxf3 5.dxc6 Bxc6 6.Nc3 e6 7.e4 Bb4 8.f3 
Nf6 9.Be3 O-O 10.Bc4 Qe7 11.O-O e5 1/2-1/2

[Event "POL-ChT2"]
[Site "Opole POL"]
[Date "2006.09.04"]
[Round "3"]
[White "Migala, Andrzej"]
[Black "Markiewicz, Jerzy"]
[Result "1/2-1/2"]
[WhiteElo "2164"]
[BlackElo "2314"]
[EventDate "2006.09.02"]
[PlyCount "30"]

1.e4 c5 2.Nc3 e6 3.g3 Nc6 4.Bg2 g6 5.Nge2 Bg7 6.d3 d6 7.Be3 Nd4 8.O-O Ne7 
9.Qd2 O-O 10.Nd1 b6 11.c3 Nxe2+ 12.Qxe2 d5 13.f4 Ba6 14.e5 Qd7 15.Nf2 Rac8
1/2-1/2

[Event "POL-ChT2"]
[Site "Opole POL"]
[Date "2006.09.04"]
[Round "3"]
[White "Szwed, Jacek"]
[Black "Wisniewski, Adrian"]
[Result "1/2-1/2"]
[WhiteElo "2323"]
[BlackElo "2369"]
[EventDate "2006.09.02"]
[PlyCount "110"]

1.d4 Nf6 2.c4 g6 3.Nc3 Bg7 4.e4 d6 5.f3 O-O 6.Nge2 c5 7.d5 Qa5 8.Bd2 a6 9.
a4 Qc7 10.Nc1 e6 11.Be2 exd5 12.cxd5 Nbd7 13.O-O Re8 14.Qc2 Rb8 15.Rb1 c4 
16.b3 Ne5 17.Kh1 b5 18.axb5 axb5 19.bxc4 bxc4 20.Rxb8 Qxb8 21.f4 Ned7 22.
Bxc4 Nc5 23.Bb5 Re7 24.e5 dxe5 25.fxe5 Ng4 26.d6 Rb7 27.Nd3 Nxd3 28.Qxd3 
Nxe5 29.Qd5 Be6 30.Qc5 Ng4 31.Bc6 Rb4 32.Nd5 Rb1 33.Rxb1 Qxb1+ 34.Qc1 Qb8 
35.Ne3 Ne5 36.Bd5 Qxd6 37.Bxe6 Qxe6 38.h3 h5 39.Qc2 Kh7 40.Qe4 Qb3 41.Kh2 
Qe6 42.Qd5 Qb6 43.Kh1 f5 44.Nf1 Qf2 45.Nh2 f4 46.Bb4 Qc2 47.Qd2 Qe4 48.Qe1
Qf5 49.Qe2 f3 50.gxf3 Qxh3 51.Bd6 Qf5 52.Qe4 Qxe4 53.fxe4 g5 54.Bxe5 Bxe5 
55.Nf3 Bf4 1/2-1/2

[Event "POL-ChT2"]
[Site "Opole POL"]
[Date "2006.09.04"]
[Round "3"]
[White "Juroszek, Tadeusz"]
[Black "Kulesza, Mateusz"]
[Result "1-0"]
[WhiteElo "2387"]
[BlackElo "2282"]
[EventDate "2006.09.02"]
[PlyCount "80"]

1.e4 e6 2.d4 d5 3.exd5 exd5 4.Nf3 Nc6 5.h3 Bd6 6.c4 dxc4 7.Bxc4 Nf6 8.O-O 
O-O 9.Nc3 Bf5 10.Bg5 h6 11.Bh4 Be7 12.Re1 Nd7 13.Bxe7 Nxe7 14.Bb3 Nb6 15.
Ne5 Nbd5 16.Qf3 Be6 17.Ne4 b6 18.Rac1 a5 19.Ba4 Rb8 20.a3 b5 21.Bb3 a4 22.
Ba2 Nf4 23.Bb1 Nfg6 24.Rcd1 Qd5 25.Qg3 Qb3 26.Nxg6 Nxg6 27.Nc5 Qxg3 28.
fxg3 Bc8 29.Rd2 Rb6 30.Ba2 Rd6 31.Ne4 Rd7 32.Nc3 c6 33.d5 Ba6 34.d6 Rfd8 
35.Ne4 Bc8 36.Nc5 Ra7 37.g4 Nf8 38.Kh2 h5 39.gxh5 Bf5 40.g4 Bh7 1-0

[Event "POL-ChT2"]
[Site "Opole POL"]
[Date "2006.09.04"]
[Round "3"]
[White "Matras, Agnieszka"]
[Black "Wojciechowski, Piotr"]
[Result "1-0"]
[WhiteElo "2212"]
[BlackElo "2218"]
[EventDate "2006.09.02"]
[PlyCount "53"]

1.e4 c5 2.c3 d5 3.exd5 Qxd5 4.d4 Nf6 5.Nf3 Bg4 6.Be2 e6 7.O-O Nc6 8.h3 Bh5
9.Be3 cxd4 10.cxd4 Be7 11.Nc3 Qd6 12.a3 O-O 13.Qb3 a6 14.Rfd1 Rfd8 15.Rac1
b5 16.d5 exd5 17.g4 Na5 18.Qb4 Qc7 19.Bf4 Qd7 20.Qxa5 Bxg4 21.hxg4 Qxg4+ 
22.Bg3 Bc5 23.Kh2 Bd6 24.Rd4 Ne4 25.Nxe4 dxe4 26.Ng1 Qg5 27.Rcd1 1-0

[Event "POL-ChT2"]
[Site "Opole POL"]
[Date "2006.09.04"]
[Round "3"]
[White "Jozwik, Rafal"]
[Black "Misiuga, Andrzej"]
[Result "1-0"]
[WhiteElo "2168"]
[BlackElo "2199"]
[EventDate "2006.09.02"]
[PlyCount "53"]

1.e4 c6 2.d4 d5 3.exd5 cxd5 4.c3 Bf5 5.Qb3 Qd7 6.Nf3 Nc6 7.Bb5 f6 8.O-O a6
9.Be2 g5 10.Re1 e6 11.Nbd2 Kf7 12.Nf1 Bd6 13.Ng3 Bg6 14.Bxg5 fxg5 15.Nxg5+
Kf6 16.Bg4 Bf5 17.Bxf5 exf5 18.Re6+ Kxg5 19.h4+ Kxh4 20.Rxd6 Qf7 21.f4 Rd8
22.Kf2 Rxd6 23.Rh1+ Kg4 24.Qd1+ Kxf4 25.Rh5 Qxh5 26.Qxh5 Nh6 27.Ne2+ 1-0

[Event "POL-ChT2"]
[Site "Opole POL"]
[Date "2006.09.05"]
[Round "4"]
[White "Jadanowska, Beata"]
[Black "Majdan, Joanna"]
[Result "0-1"]
[WhiteElo "1873"]
[BlackElo "2314"]
[EventDate "2006.09.02"]
[PlyCount "82"]

1.d4 f5 2.c4 Nf6 3.Nc3 g6 4.g3 Bg7 5.Bg2 O-O 6.e3 d6 7.Nge2 e5 8.dxe5 dxe5
9.Qxd8 Rxd8 10.Bd2 Na6 11.Rd1 c6 12.O-O Be6 13.b3 Nc5 14.Bc1 a5 15.Ba3 Bf8
16.Bxc5 Bxc5 17.Rxd8+ Rxd8 18.Rd1 Rf8 19.Nc1 Bb4 20.N3e2 a4 21.Nd3 Rd8 22.
Nb2 Rxd1+ 23.Nxd1 a3 24.Ndc3 Nd7 25.e4 Nc5 26.f4 exf4 27.gxf4 fxe4 28.Bxe4
Bg4 29.Bb1 Ne6 30.Kf2 Nxf4 31.Nxf4 Bxc3 32.Ke3 g5 33.Ne2 Be5 34.Ng3 h5 35.
h3 Bxh3 36.Nxh5 Kf7 37.Kf3 Ke6 38.Bc2 Bf5 39.Bxf5+ Kxf5 40.b4 g4+ 41.Kf2 
Kg5 0-1

[Event "POL-ChT2"]
[Site "Opole POL"]
[Date "2006.09.05"]
[Round "4"]
[White "Jadanowski, Lukasz"]
[Black "Sendera, Jaroslaw"]
[Result "0-1"]
[WhiteElo "2072"]
[BlackElo "2334"]
[EventDate "2006.09.02"]
[PlyCount "106"]

1.e4 c5 2.Nf3 d6 3.d4 cxd4 4.Nxd4 Nf6 5.Nc3 Nc6 6.Bc4 Qb6 7.Nxc6 bxc6 8.
O-O g6 9.Bb3 Bg7 10.Be3 Qc7 11.h3 O-O 12.f4 a5 13.a4 Ba6 14.Rf2 c5 15.Qf3 
c4 16.Ba2 Bb7 17.Re1 e6 18.Rd2 d5 19.Qe2 Nxe4 20.Nxe4 dxe4 21.Qxc4 Qxc4 
22.Bxc4 Rfc8 23.Bf1 Bc6 24.Bd4 Bxa4 25.Bxg7 Kxg7 26.Rxe4 Rxc2 27.Rxc2 Bxc2
28.Rc4 Bb3 29.Rc5 Bd5 30.Bc4 Rd8 31.Bxd5 Rxd5 32.Rc4 Rb5 33.Rc2 h5 34.Kf2 
Kf6 35.Kf3 Rb4 36.Re2 Rb3+ 37.Ke4 h4 38.Rc2 Rb5 39.Ke3 Kf5 40.Rf2 Rb4 41.
Rc2 Rb3+ 42.Kd4 Kxf4 43.Rf2+ Kg3 44.Rxf7 Rxb2 45.Rf6 g5 46.Rxe6 Kxg2 47.
Re5 g4 48.Kc3 Rf2 49.hxg4 h3 50.Rxa5 h2 51.Rh5 h1=Q 52.Rxh1 Kxh1 53.Kd3 
Rg2 0-1